| 000 | 00497nam a2200145 a 4500 | ||
|---|---|---|---|
| 001 | 000038934 | ||
| 005 | 20201002031428.0 | ||
| 008 | 130507s1998 ck a 000 0 spa d | ||
| 020 | _a9589621341 | ||
| 040 |
_aDO-SdBNP _bspa _cBNPHU |
||
| 245 | 0 | 0 |
_aEugéne Boudin : _bAnte sala del impresionismo / _cpresentación Elvira Cuervo de Jaramillo. |
| 260 |
_aBogotá,Colombia : _bMuseo Nacional de Colombia, _c1998. |
||
| 300 |
_a86 p. : _bil. ; _c30 cm. |
||
| 700 | 1 |
_aCuervo de Jaramillo, Elvira, _epr. _965201 |
|
| 999 |
_c38424 _d38424 |
||